Big red lollipop / (Record no. 5194)

MARC details
000 -LEADER
fixed length control field 01056nam a22003017a 4500
001 - CONTROL NUMBER
control field 5194
003 - CONTROL NUMBER IDENTIFIER
control field FISKH
005 - DATE AND TIME OF LATEST TRANSACTION
control field 20241118154927.0
008 - FIXED-LENGTH DATA ELEMENTS--GENERAL INFORMATION
fixed length control field 241118b cb ||||| |||| 00| 0 eng d
020 ## - INTERNATIONAL STANDARD BOOK NUMBER
International Standard Book Number 9780545457323
040 ## - CATALOGING SOURCE
Original cataloging agency FISKH
Language of cataloging eng
Transcribing agency FISKH
Modifying agency FISKH
050 ## - LIBRARY OF CONGRESS CALL NUMBER
Classification number PZ7.K52654
082 ## - DEWEY DECIMAL CLASSIFICATION NUMBER
Classification number 813.54
100 ## - MAIN ENTRY--PERSONAL NAME
Personal name Khan, Rukhsana
Dates associated with a name (1962-)
245 ## - TITLE STATEMENT
Title Big red lollipop /
Statement of responsibility, etc. by Rukhsana Khan illustrated by Sophie Blackall
250 ## - EDITION STATEMENT
Edition statement First printing in 2012
260 ## - PUBLICATION, DISTRIBUTION, ETC.
Place of publication, distribution, etc. New York :
Name of publisher, distributor, etc. Scholastic,
Date of publication, distribution, etc. 2012.
300 ## - PHYSICAL DESCRIPTION
Extent 33 pages :
Other physical details Color illustrations ;
Dimensions 26 cm
505 ## - FORMATTED CONTENTS NOTE
Formatted contents note J<br/>
520 ## - SUMMARY, ETC.
Summary, etc. Having to take her younger sister along the first time she is invited to a birthday party spoils Rubina's fun, and later when that sister is asked to a party and baby sister wants to come, Rubina must decide whether to help.
521 8# - TARGET AUDIENCE NOTE
Target audience note 490L<br/>
Source Lexile<br/>
521 8# - TARGET AUDIENCE NOTE
Target audience note J<br/>
Source Raz-Plus<br/>
650 ## - SUBJECT ADDED ENTRY--TOPICAL TERM
Source of heading or term Sisters
Topical term or geographic name entry element Sharing
Form subdivision Lollipop
650 ## - SUBJECT ADDED ENTRY--TOPICAL TERM
Source of heading or term Fiction
Topical term or geographic name entry element Birthday
700 ## - ADDED ENTRY--PERSONAL NAME
Personal name Blackall, Sophie
Dates associated with a name Illustrator
942 ## - ADDED ENTRY ELEMENTS (KOHA)
Source of classification or shelving scheme Dewey Decimal Classification
Koha item type Books
Suppress in OPAC No
Holdings
Withdrawn status Lost status Source of classification or shelving scheme Damaged status Not for loan Collection Home library Current library Shelving location Date acquired Total Checkouts Full call number Barcode Date last seen Date last checked out Copy number Price effective from Koha item type
    Dewey Decimal Classification     Fiction Footprints International School Library Network Toul Kork Campus Footprints International School Library Network Toul Kork Campus TK Primary Library Room(4th Floor), Bookcase 1&2, Shelves 1-16, Dark Blue Books 11/18/2024 1 KHA 813.54 PZ7.K52654 2024-2322 06/06/2025 04/08/2025 1 11/18/2024 Books